Violencia en el noviazgo: perpretación, victimización y violencia mutua. Una revisión /
Guardado en:
| 主要作者: | |
|---|---|
| 其他作者: | |
| 格式: | Texto |
| 標簽: |
添加標簽
沒有標簽, 成為第一個標記此記錄!
|
MARC
| LEADER | 00000 a a2200000 04500 | ||
|---|---|---|---|
| 001 | 48831 | ||
| 003 | |||
| 040 | |||
| 100 | |a Alegría del Angel, Manoella | ||
| 245 | |a Violencia en el noviazgo: |b perpretación, victimización y violencia mutua. Una revisión / |c Manoella Alegría del Angel, Adriana Rodríguez Barraza | ||
| 700 | |a Rodríguez Barraza, Adriana | ||
| 773 | |g volumen29, número118, (2015), páginas 57-72 | ||
| 999 | |c 30682 |d 30682 | ||
